Money and financial systems (Record no. 3518)

000 -LEADER
fixed length control field 00552nam a22001457a 4500
020 ## - INTERNATIONAL STANDARD BOOK NUMBER
International Standard Book Number 9789327232899
082 ## - DEWEY DECIMAL CLASSIFICATION NUMBER
Classification number 332.4 PAU
100 ## - MAIN ENTRY--PERSONAL NAME
Personal name Paul R.R
245 ## - TITLE STATEMENT
Title Money and financial systems
260 ## - PUBLICATION, DISTRIBUTION, ETC.
Place of publication, distribution, etc. Ludhayana
Name of publisher, distributor, etc. Kalyani publishers
Date of publication, distribution, etc. 2013
300 ## - PHYSICAL DESCRIPTION
Extent 322p
942 ## - ADDED ENTRY ELEMENTS (KOHA)
Koha item type Book
Holdings
Withdrawn status Lost status Damaged status Not for loan Collection code Permanent Location Current Location Shelving location Date acquired Total Checkouts Full call number Barcode Date last seen Price effective from Koha item type
          Central Library (CL) Central Library (CL) General Stacks 07/28/2016   332.4 PAU S3H-S-594 07/28/2016 07/28/2016 Book
          Central Library (CL) Central Library (CL) General Stacks 07/28/2016   332.4 PAU S3H-S-414 07/28/2016 07/28/2016 Book
© 2023 Central Library, National University of Sciences and Technology. All Rights Reserved.